| 000 | 01077cam a2200313 a 4500 | ||
|---|---|---|---|
| 001 | 16033829 | ||
| 005 | 20201128021130.0 | ||
| 008 | 091223t2009 xxuad frb 001 0 eng d | ||
| 010 | _a2009499766 | ||
| 020 | _a9780071496650 (hbk.) | ||
| 020 | _a0071496653 | ||
| 040 |
_aDLC _cDLC _dDLC _dEG-ScBUE |
||
| 082 | 0 | 0 |
_a332.6 _222 _bCHR |
| 100 | 1 |
_aChristopherson, Jon A. _936581 |
|
| 245 | 1 | 0 |
_aPortfolio performance measurement and benchmarking / _cJon A. Christopherson, David R. Carino, Wayne E. Ferson. |
| 260 |
_aNew York, United States : _bMcGraw-Hill, _cc.2009. |
||
| 300 |
_axii, 466 p. : _bcharts, tables ; _c24 cm. |
||
| 490 | 0 | _aMcGraw-Hill finance & investing | |
| 500 | _aIndex : p. 453-466. | ||
| 504 | _aIncludes bibliographical references. | ||
| 650 | 0 |
_aPortfolio management _92032 |
|
| 650 | 0 |
_a Investment analysis _91288 |
|
| 650 | 0 |
_aBenchmarking (Management) _936582 |
|
| 653 |
_bBUSADM _cNovember2014 |
||
| 655 |
_vreading book _934232 |
||
| 700 | 1 |
_aCariño, David Runge _936583 |
|
| 700 | 1 |
_aFerson, Wayne E. _936584 |
|
| 942 |
_2ddc _k332.6 CHR |
||
| 999 |
_c18641 _d18613 |
||